000 00330nam a2200109 a 4500
008 101213s2009|||| d
245 1 0 _aBiografie vo výročných škôl z územia Slovenska za školské roky 1918/19-1952/53
260 _bUniverzitná knižnica
_aBratislava
_c2009
020 _c10
041 _aslo
044 _axo
_cSK
999 _c15164
_d15164